Responses for show #4644 - Thursday, November 11, 2004

2004 College Championship quarterfinal game 2.

Contestants

Vicky Manos, a sophomore at St. John’s University from Levittown, New York

Jeff Love, a sophomore at Stanford University from Burlingame, California

Amanda Nowotny, a sophomore at the University of Pittsburgh from New Castle, Pennsylvania

Jeopardy! Round responses

FLOWER
DOUGH
CHEESE
THE UPPER CRUST
"DEEP" DISH
WE WANT PISA!
    $200 8
tulips

Vicky
    $200 13
(Amanda: What is a dollar?)

a peso

AmandaJeff
    $200 1
Dracula

Jeff
    $200 22
Onassis

Vicky
    $200 3
deep fry

Jeff
    $200 17
the Mediterranean Sea

Jeff
    $400 9
roses

Jeff
    $400 14
(Amanda: What is the Treasury Department?)
(Vicky: What is Monticello?)

the White House

AmandaJeffVicky
    $400 2
Kill Bill

Amanda
    $400 23
Prince William

Jeff
    $400 4
the Deep South

Vicky
    $400 18
the Leaning Tower

Jeff
    $600 10
bell

Jeff
    $600 15
Botticelli

Jeff
    $600 27
romance

Amanda
    $600 24
Russia

Amanda
    $600 5
Deepak Chopra

Jeff
    $600 19
Machiavelli

Jeff
    $800 11
bees

Vicky
    $1,500 16
Yen

Jeff
    $800 28
(Jeff: What is Temptation Island?)

North Shore

JeffVicky
    $800 25
a sandwich

Jeff
    $800 6
The Deep End of the Ocean

Vicky
    $800 20
Galileo

Vicky
    $1000 12
a violet

Amanda
    $1000 30
Dinar

Triple Stumper
    $1000 29
"The Time Of My Life"

Jeff
    $1000 26
(Jeff: Who is Vanderbilt?)
(Alex: Which one?)
(Jeff: ...Andrew.)

Cornelius Vanderbilt

Jeff
Triple Stumper
    $1000 7
deep vein thrombosis

Triple Stumper
    $1000 21
Elba

Vicky

Scores at the first commercial break (after clue 16):

Amanda Jeff Vicky
$800 $4,700 $1,800

Scores at the end of the Jeopardy! Round:

Amanda Jeff Vicky
$2,000 $6,300 $4,600

Double Jeopardy! Round responses

THE 20th CENTURY
ALBUMS
FOREIGN TRAVEL
THEIR ALMA MATERS
(Alex: We'll identify the individuals for you.)
HOUSES OF WORSHIP
COMPUTER JARGON
    $400 7
Janet Reno

Amanda
    $400 1
Titanic

Vicky
    $400 2
jet lag

Vicky
    $400 18
(Jeff: What is Oxford?)

Cambridge

AmandaJeff
    $400 16
Westminster Abbey

Jeff
    $400 26
peer-to-peer (person-to-person accepted)

Amanda
    $800 12
Dalai Lama

Amanda
    $800 8
Supernatural

Amanda
    $800 3
a fanny pack

Vicky
    $800 19
Harvard

Amanda
    $800 17
Islamabad

Jeff
    $800 27
an instruction manual

Amanda
    $1200 13
(Amanda: What is bli... i... uh.)

blitzkrieg

AmandaVicky
    $1200 9
Alicia Keys

Vicky
    $1200 4
a mosquito net

Jeff
    $1,800 20
Yale

Amanda
    $1200 23
The Old North Church

Amanda
    $1200 28
a flame

Triple Stumper
    $2,000 14
(Vicky: Who is Cousteau?)

John Glenn

Vicky
    $1600 10
The Red Hot Chili Peppers

Vicky
    $1600 5
a passport

Jeff
    $1600 21
The University of Minnesota

Triple Stumper
    $1600 24
St. Patrick's Cathedral

Amanda
    $1600 29
your own name

Jeff
    $2000 15
(Jeff: Who is Idi Amin?)

Haile Selassie (of Ethiopia)

Jeff
Triple Stumper
    $2000 11
(Amanda: What is J to tha L O!?)

This Is Me... Then

Amanda
Triple Stumper
    $2000 6
customs

Vicky
    $2000 22
Tuskegee

Triple Stumper
    $2000 25
(Amanda: What is the Church of the Nativity?)

Holy Sepulchre

Amanda
Triple Stumper
    $2000 30
voice

Jeff

Scores at the end of the Double Jeopardy! Round:

Amanda Jeff Vicky
$5,800 $11,500 $10,200

Final Jeopardy! Round responses

BRITISH NOVEL CHARACTERS
AmandaWho is Oliver Twist
$5,800
VickyWho ?
$800
JeffWho is Tiny Tim
$4,000
Long John Silver

Final scores:

Amanda Jeff Vicky
$0 $7,500 $9,400
3rd place: $5,000 if eliminated 2nd place: $5,000 if eliminated Automatic semifinalist

Game dynamics:

Coryat scores:

Amanda Jeff Vicky
$5,200 $10,800 $12,200
14 R
(including 1 DD),
5 W
21 R
(including 1 DD),
4 W
15 R,
2 W
(including 1 DD)

Combined Coryat: $28,200

The J! Archive is created by fans, for fans. The Jeopardy! game show and all elements thereof, including but not limited to copyright and trademark thereto, are the property of Jeopardy Productions, Inc. and are protected under law. This website is not affiliated with, sponsored by, or operated by Jeopardy Productions, Inc. Join the discussion at JBoard.tv.